000 00425nam a2200145 i 4500
001 82488
003 ES-MaACL
005 20230906174700.0
007 t|
008 041110s1979 sp ||||1| spa d
245 0 0 _aInforme sobre latinoamericanos en España en 1979 por el PEN Club Latinoamericano en España.
260 _a[Barcelona :
_bs.n.,
_c1979]
300 _a11 p. ;
_c21 cm.
852 _aES-MaACL
_j2117-F-8
_bR.100177
999 _c82488
_d82488